Historia de Roma desde los orígenes itálicos hasta la caida del Imperio de Occidente / original de Francisco Bertolini ; ilustrada por Luis Pogliaghi ; obra premiada por el Consejo Superior de Instrucción Pública de Italia versión española de Salvador López Guijarro

Detalles Bibliográficos
Autor principal: Bertolini, Francesco, 1836-1909
Otros Autores: Pgliaghi, Luis, il, López Guijarro, Salvador, 1834- ?, tr
Formato: Libro
Lenguaje:Spanish
Publicado: Madrid : El Progreso Editorial, 1889.
Materias:
Colección:Banco de datos
Acervo:Universidad Autónoma Benito Juárez de Oaxaca. Biblioteca Francisco de Burgoa. Colección histórica
Descripción Física:3 t. ; 24 cm.
Tema general:Historia civil
Notas:Portada tipográfica con monograma del editor. Texto a renglón seguido con paginación en números arábigos y romanos, notas a pie de página, cornisas y signaturas. Tomo con portada y numeración propias. Año del t. 1 publicado en 1889. Paginación: t. 1 XVI, 342 p. Encuadernación en keratol. Sello en tinta de la Biblioteca Pública del Estado de Oaxaca, Oax. Daños en la encuadernación, tapas desprendidas
LEADER 01416nam a22002050004500
035 |a 1161 
041 0 |a spa 
100 1 |a Bertolini, Francesco, 1836-1909  
245 1 0 |a Historia de Roma desde los orígenes itálicos hasta la caida del Imperio de Occidente / original de Francisco Bertolini ; ilustrada por Luis Pogliaghi ; obra premiada por el Consejo Superior de Instrucción Pública de Italia versión española de Salvador López Guijarro 
260 |a Madrid : El Progreso Editorial, 1889. 
300 |a 3 t. ; 24 cm. 
500 |a Portada tipográfica con monograma del editor. Texto a renglón seguido con paginación en números arábigos y romanos, notas a pie de página, cornisas y signaturas. Tomo con portada y numeración propias. Año del t. 1 publicado en 1889. Paginación: t. 1 XVI, 342 p. Encuadernación en keratol. Sello en tinta de la Biblioteca Pública del Estado de Oaxaca, Oax. Daños en la encuadernación, tapas desprendidas  
504 |a Al final del t. 1 está el índice de materias 
650 1 0 |a Historia civil 
700 1 |a Pgliaghi, Luis, il. 
700 1 |a López Guijarro, Salvador, 1834- ?, tr. 
852 |a Universidad Autónoma "Benito Juárez" de Oaxaca, Biblioteca Francisco de Burgoa, Colección histórica t. 1 (10983) 
942 |c BURHIS 
943 |g Universidad Autónoma Benito Juárez de Oaxaca. Biblioteca Francisco de Burgoa. Colección histórica 
999 |c 1119663  |d 1119663